000 00547nam a2200193Ia 4500
003 GCL
008 140319s9999 xx 000 0 eng d
040 _aGCL /
_cGCL
082 0 4 _a152.4
_bA V
100 1 _aAVERILL, JAMES R
245 1 0 _aVOYAGES OF THE HEART : LIVING AN EUNOTIONALLY CREATIVE LIFR /
_cAVERILL, JAMES R
700 1 _aNUNLEY, ELMA P
260 _a[S.N] :
_bDIVISION OF MACMILLAN ،
_c1992
300 _a370
650 0 4 _aEMOTIONS
650 0 4 _aCREATIVE ABILITY
650 0 4 _aSELF - ACTUALIZATION - ( PSYC)
942 _2ddc
_cBK
999 _c10948
_d10948